000 00708nam a2200193Ia 4500
008 151121s9999||||xx |||||||||||||| ||und||
082 _aबा।वि।
082 _bHNW-75913
100 _aनीलाभ - संपा।
245 _aमनुष्य महाबली कैसे बना-1
260 _b"उपासना प्रकाशन, इलाहाबाद।"
260 _c--
300 _a106
600 _aनीलाभ - संपा।
630 _aमनुष्य महाबली कैसे बना-1
700 _aनीलाभ - संपा।
730 _aमनुष्य महाबली कैसे बना-1
942 _cBOOK
999 _c1257346
_d1257343